| 000 | 00625 a2200181 4500 | ||
|---|---|---|---|
| 003 | Nust | ||
| 005 | 20170207153550.0 | ||
| 040 | _cNust | ||
| 082 | _a005.1 | ||
| 100 | _aAtif, Muhammad (MSCS-5) | ||
| 245 |
_aAn efficient algorithm for data compression and its retrieval _cMuhammad Atif |
||
| 260 |
_bMCS,NUST _cOctober 2000 _aRawalpindi |
||
| 300 | _ax, 79, p.; | ||
| 505 | _aIntroduction (page-3) General format of archives (page-16) Conceptual model (page-38) Implementation of compression software (page-49)Comparison and analysis (page-69) | ||
| 538 | _aAlmirah No.69 Shelf No. 5 | ||
| 650 | _aPG Thesis | ||
| 651 | _aMSCS-5 | ||
| 942 | _cTHS | ||
| 999 |
_c188826 _d188826 |
||